000 00326nam a2200145Ia 4500
100 _aPerson R/ Rose/K
942 _cBK
654 _aUsing windows 3.1
245 _aUsing Windows 3.1.
260 _bPrentice Hall of India
_aNew Delhi
_c1995
082 _a005.13 'W'
300 _a1019
546 _aENGLISH
999 _c30243
_d30243